000 00454nam a2200181Ia 4500
001 8693
005 20260306160628.0
008 260306t2010||||xx |||||||||||||| ||spa||
041 _aESP
082 _a371.3
_bCH248
100 _aChurches, Richard
_eAUT
245 0 _aPNL para profesores:
_bcómo ser un profesor altamente eficaz
260 _c2010
300 _a351 páginas :
_c21 cm.
650 _aGEN
654 _aCED
942 _cLIB
_dJUS
_fJUS
_2ddc
_n
999 _c8693
_d8693